Trouve le titre - Måneskin - Statistiques

Statistiques générales
  • Ce quiz a été pris 692 fois
  • Le résultat moyen est 10 sur 14
Statistiques - réponses
Hint Réponse % Correct
I wanna be a good boyI wanna be a gangster I wanna be your slave
89%
You'll be the saddest part of me The Loneliest
85%
You're not iconic, you are just like them all Gossip
79%
Cause I don't want to lose (you) eh yeah ra ta ta ta Beggin
78%
Let me taste your silhouette You can talk between my legs Baby Said
77%
She loves the cocaine, but cocaine don't love her back Supermodel
77%
Sono fuori di testa, ma diverso da loro Zitti e buoni
73%
Dance, dance, dance, dance, dance until I die Medicate myself 'til my head is in the sky Don't Wanna Sleep
69%
They ask me why I'm so hot, 'cause I'm italiano Mamamia
69%
I know a place downtown, babe, if you wanna go I'm gonna show you how this Italian amor Honey
61%
Cocaine is on the table Don't care, we're rebel rebels Feel
59%
How are you sleepin' at night? How do you close both your eyes? Gasoline
59%
If you're gonna set fire to the night Baby, let me be the lighter The Driver
59%
I wanna be the first man you look at tonight I wanna be stuck in your head and make you go wild For your Love
47%
Aucun quiz correspondant
Distribution des résultats
% des personnes avec chaque résultat
Percentile par nombre de réponses
Votre historique - résultats
Vous n’avez pas pris ce quiz